Normal view
MARC view
- Shili K
Entry Personal Name
001 - CONTROL NUMBER
- control field: 4229
003 - CONTROL NUMBER IDENTIFIER
- control field: OSt
005 - DATE AND TIME OF LATEST TRANSACTION
- control field: 20190715113407.0
008 - FIXED-LENGTH DATA ELEMENTS
- fixed length control field: 190715|| aca||aabn | a|a d
040 ## - CATALOGING SOURCE
- Original cataloging agency: OSt
- Transcribing agency: OSt
100 ## - HEADING--PERSONAL NAME
- Personal name: Shili K
670 ## - SOURCE DATA FOUND
- Source citation: Work cat.: (OSt): Aardra K 4227, Development and evluation of Greenhouse automation system using microcontroller, 2019
